Մորուս Հասրաթյան. թանկագին քարը / (Record no. 350925)
[ view plain ]
| 000 -LEADER | |
|---|---|
| fixed length control field | 00826nam a2200217 a 4500 |
| 001 - CONTROL NUMBER | |
| control field | 001085360 |
| 003 - CONTROL NUMBER IDENTIFIER | |
| control field | AM-YeHGA |
| 005 - DATE AND TIME OF LATEST TRANSACTION | |
| control field | 20250618074415.0 |
| 008 - FIXED-LENGTH DATA ELEMENTS--GENERAL INFORMATION | |
| fixed length control field | 150716s2015 ai r 000 0 arm d |
| 020 ## - INTERNATIONAL STANDARD BOOK NUMBER | |
| International Standard Book Number | 9789939602967 |
| 040 ## - CATALOGING SOURCE | |
| Original cataloging agency | AM-YeHGA |
| 041 0# - LANGUAGE CODE | |
| Language code of text/sound track or separate title | arm |
| 090 ## - LOCALLY ASSIGNED LC-TYPE CALL NUMBER (OCLC); LOCAL CALL NUMBER (RLIN) | |
| -- | 352738 |
| 100 1# - MAIN ENTRY--PERSONAL NAME | |
| Personal name | Արտավազդ, Յուրի, |
| Miscellaneous information | (Յուրի Արտավազդի Սահակյան), |
| Dates associated with a name | 1934- |
| 245 10 - TITLE STATEMENT | |
| Title | Մորուս Հասրաթյան. թանկագին քարը / |
| Statement of responsibility, etc. | Յուրի Արտավազդ ; Խմբ.՝ Վանիկ Սանթրյան. |
| 260 ## - PUBLICATION, DISTRIBUTION, ETC. | |
| Place of publication, distribution, etc. | Երևան : |
| Name of publisher, distributor, etc. | ՎՄՎ-Պրինտ, |
| Date of publication, distribution, etc. | 2015. |
| 300 ## - PHYSICAL DESCRIPTION | |
| Extent | 206 էջ : |
| Other physical details | [8] թ. նկ. |
| 600 14 - SUBJECT ADDED ENTRY--PERSONAL NAME | |
| Personal name | Հասրաթյան, Մորուս Ստեփանի, |
| Dates associated with a name | 1902-1979 |
| 9 (RLIN) | 2367 |
| 650 14 - SUBJECT ADDED ENTRY--TOPICAL TERM | |
| Topical term or geographic name entry element | Հայագիտություն |
| 9 (RLIN) | 4600 |
| 650 14 - SUBJECT ADDED ENTRY--TOPICAL TERM | |
| Topical term or geographic name entry element | Հայ գրականագիտություն |
| 9 (RLIN) | 4862 |
| Withdrawn status | Lost status | Damaged status | Not for loan | Collection | Home library | Current library | Date acquired | Cost, normal purchase price | Shelving control number | Total checkouts | Full call number | Barcode | Date last seen | Price effective from | Koha item type | Public note |
|---|---|---|---|---|---|---|---|---|---|---|---|---|---|---|---|---|
| General | Fundamental Scientific Library | Fundamental Scientific Library | 11/01/2017 | 1500.00 | AII/100697 | FL0347731 | 11/01/2017 | 11/01/2017 | Գրքեր / Books | 30 Days Loan | ||||||
| General | Fundamental Scientific Library | Fundamental Scientific Library | 11/01/2017 | 2000.00 | AII/101411 | FL0397603 | 11/01/2017 | 11/01/2017 | Գրքեր / Books | 30 Days Loan |
ՀՀ Գիտությունների ազգային ակադեմիայի հիմնարար գիտական գրադարան = Fundamental Scientific Library of NAS RA
All site content, except where otherwise noted, is licensed under a